FAR FROM THE MADDING CROWD (Record no. 29084)
[ view plain ]
| 000 -LEADER | |
|---|---|
| fixed length control field | 00280nam a22001337a 4500 |
| 003 - CONTROL NUMBER IDENTIFIER | |
| control field | SGT |
| 020 ## - INTERNATIONAL STANDARD BOOK NUMBER | |
| International Standard Book Number | 9780140620474 |
| 082 ## - DEWEY DECIMAL CLASSIFICATION NUMBER | |
| Classification number | 820 |
| Item number | F74H |
| 100 ## - MAIN ENTRY--PERSONAL NAME | |
| Personal name | HARDY, THOMAS |
| 245 ## - TITLE STATEMENT | |
| Title | FAR FROM THE MADDING CROWD |
| 260 ## - PUBLICATION, DISTRIBUTION, ETC. (IMPRINT) | |
| Name of publisher, distributor, etc | PENGUIN BOOKS |
| Year of Publication | 1874 |
| 300 ## - PAGE DESCRIPTION | |
| No. of Pages | 374 |
| 942 ## - ADDED ENTRY ELEMENTS (KOHA) | |
| Source of classification or shelving scheme | Dewey Decimal Classification |
| Koha item type | Books |
| Withdrawn status | Lost status | Source of classification or shelving scheme | Damaged status | Not for loan | Home library | Current library | Shelving location | Date acquired | Cost, normal purchase price | SGTU | Total Checkouts | Full call number | Accession No. (Barcode) | Date last seen | Bill Date | Koha item type |
|---|---|---|---|---|---|---|---|---|---|---|---|---|---|---|---|---|
| Dewey Decimal Classification | Not For Loan | SGT Chancellor's Library | SGT Chancellor's Library | Record Book | 16/01/2025 | 85.00 | SGTU | 820 F74H | CH1850 | 16/01/2025 | 16/01/2025 | Books |